[Event "Moscow-ch Men 2020"]
[Site "Moscow"]
[Date "2020.09.21"]
[Round "9.2"]
[White "Stukan, Martin"]
[Black "Gubajdullin, Alexei"]
[Result "0-1"]
[WhiteElo "2325"]
[BlackElo "2344"]
[Annotator "TA"]
[PlyCount "110"]
[EventDate "2020.09.15"]
[EventType "swiss"]
[EventCountry "RUS"]
[SourceTitle "playchess.com"]
[Source "ChessBase"]
[SourceQuality "1"]

{[%evp 12,110,37,30,55,47,67,57,85,71,120,104,155,164,155,115,121,109,116,108,102,18,9,9,14,19,11,13,4,14,20,24,26,-6,10,0,0,0,0,-43,-45,-49,-28,-28,-28,-28,-31,-34,-13,-20,-22,-247,-233,-322,-322,-322,-322,-322,-322,-322,-322,-322,-322,-322,0,-322,-319,-315,-315,-315,-314,-314,-314,-314,-314,-29966,-29967,-29967,-29968,-29969,-29970,-29970,-29971,-29971,-29971,-29971,-29973,-29972,-29971,-29977,-29978,-29978,-29976,-29976,-29977,-29977,-29978,-29978,-29978,-29978,-29978]} 1. e4 d6 2. d4 g6 3. Nf3 Bg7 4. Be2 Nf6 5. Nc3 O-O 6. O-O a6 7. Re1 e6 {B08: Pirc Defence: Classical System.} 8. Bf4 h6 9. e5 dxe5 {White is slightly better.} 10. Nxe5 {[#]} Qe7 $146 ({Predecessor:} 10... Nbd7 11. Bf3 Nb6 12. Bg3 Qe7 13. Qe2 Qb4 14. Nd3 Qxd4 15. Bxc7 Nfd5 16. Nxd5 Nxd5 {1-0 (43) Solak,D (2522)-Pikula,D (2472) Belgrade 2002}) 11. Qd2 Rd8 (11... g5 $142) 12. Bxh6 $16 c5 13. Bg5 Rxd4 14. Qe3 Qf8 15. Rad1 Nbd7 16. Rxd4 (16. Bf4 $16) 16... cxd4 $11 17. Qxd4 {Threatens to win with Nxd7.} Nxe5 $1 18. Qxe5 Nh7 19. Qg3 {Black must now prevent Rd1.} Nxg5 20. Qxg5 {And now Rd1 would win.} Bd7 21. Bf3 Qb4 22. Rd1 Be8 23. Rd8 Rxd8 24. Qxd8 Bxc3 25. Qxe8+ Kg7 26. g3 Qxb2 27. Qa4 Bd4 $36 {[%mdl 2048] White is under pressure.} 28. Qc4 b5 29. Qd3 $1 Ba7 30. Kg2 a5 {[%cal Ba6a5,Ba5a4][%mdl 32]} ({Much weaker is} 30... Qxa2 31. Qc3+ e5 32. Qxe5+ Kh7 33. Qe7 $16) 31. a3 $2 {[#]} (31. h4 $11 {and White stays safe.}) 31... a4 $1 $19 32. Bc6 b4 33. Bxa4 {White wants to play axb4.} bxa3 {aiming for ...a2.} 34. Bb3 a2 35. Bxa2 Qxa2 36. Qc3+ Kg8 37. Qc8+ Kg7 {( -> ...Qd5+)} 38. Qc3+ Kh7 39. Qc7 {[#]} e5 $1 {[%mdl 64] Deflection} 40. Qxe5 Qxc2 41. Qf6 Qe4+ 42. Kg1 Qf5 43. Qxf5 $2 (43. Qb2 $19) 43... gxf5 {[%mdl 4096] Endgame KB-K3P. Black mates.} 44. Kg2 Kg6 45. f4 Kf6 46. Kf3 Ke6 47. h3 Bd4 48. Ke2 Kd5 49. Kf3 Kc4 50. g4 Kd3 51. gxf5 Bf6 52. Kg4 Ke4 53. h4 Be7 54. h5 Bf6 55. h6 Be7 {Quite a comeback for Black. Accuracy: White = 70%, Black = 92%.} 0-1

[Event "Moscow-ch Men 2020"]
[Site "Moscow"]
[Date "2020.09.21"]
[Round "9.3"]
[White "Usov, Aleksandr E."]
[Black "Apryshko, Gleb"]
[Result "0-1"]
[WhiteElo "2069"]
[BlackElo "2388"]
[Annotator "TA"]
[PlyCount "84"]
[EventDate "2020.09.15"]
[EventType "swiss"]
[EventCountry "RUS"]
[SourceTitle "playchess.com"]
[Source "ChessBase"]
[SourceQuality "1"]

{[%evp 9,84,38,52,57,62,46,53,49,59,24,37,16,16,17,31,17,31,14,20,15,25,11,6,0,0,-11,15,10,17,3,20,12,21,10,27,0,0,-6,-10,-19,-19,-19,-19,-19,-19,-18,13,-19,5,-6,0,-19,-15,-50,0,-15,-14,-14,-14,-14,-14,-16,-15,-18,-35,-19,-8,-8,1912,264,2638,-10,-5,-7,0,-8,46]} 1. e4 e6 2. d4 Ne7 3. Nf3 g6 4. Bd3 Bg7 5. O-O d6 6. c3 {C01: French: Exchange Variation.} Nd7 7. Qe2 a6 {[#]} 8. Rd1 $146 {White is slightly better.} ({Predecessor:} 8. Nbd2 b6 9. Nc4 Bb7 10. a4 O-O 11. b3 h6 12. Re1 f6 13. Ba3 Qe8 14. Rad1 {½-½ (31) Kindermann,S-Feustel,B (2350) Bad Koenigshofen 1978}) 8... b6 9. e5 Bb7 10. Be4 Bxe4 11. Qxe4 d5 12. Qe2 h6 13. Be3 c5 14. Nbd2 c4 15. b4 b5 16. a3 a5 17. Nf1 Nb6 18. Rdb1 Ra6 19. Ne1 Qc7 20. Nc2 Qa7 21. Bd2 Nc6 22. f4 h5 23. Qd1 Bf8 24. g3 Be7 25. Nfe3 Bd8 26. Kg2 Na4 27. Qf3 Ne7 28. Be1 Bb6 29. Bd2 Qb7 30. Nd1 Kd7 (30... Bd8 {is interesting.} 31. Nde3 Ra7 32. Ne1 Kf8 33. Qf2 Kg7) 31. Nb2 axb4 32. axb4 (32. Nxb4 {looks sharper.} Ra7 33. Nc2 Bc7 34. Nxa4 Rxa4 35. Rb2) 32... Nxb2 33. Rxa6 Qxa6 34. Rxb2 Ra8 35. Qd1 Qc8 36. Qb1 Ra4 37. Ra2 Qa8 38. Rxa4 Qa7 $2 {[%mdl 8192] [#]} (38... Qxa4 $11 39. Ne3 Nf5) 39. Ra5 $2 (39. Rxa7+ Bxa7 40. Qa2) 39... Qxa5 $2 (39... Bxa5 40. bxa5 Qxa5) 40. Kf2 $2 (40. bxa5 $18 Bxa5 41. Qxb5+ {[%mdl 64] Double Attack} Nc6 42. Bc1) 40... Qa4 $11 {The position is equal.} 41. h3 Bc7 42. g4 Nc8 {[%mdl 32768] Accuracy: White = 81%, Black = 88%. . Loss on time!?} (42... Qb3 $11 43. Qd1 Bb6) 0-1

[Event "Moscow-ch Men 2020"]
[Site "Moscow"]
[Date "2020.09.21"]
[Round "9.4"]
[White "Teiitbaev, Aktilek"]
[Black "Tunik, Sergey"]
[Result "0-1"]
[WhiteElo "2106"]
[BlackElo "2160"]
[Annotator "TA"]
[PlyCount "108"]
[EventDate "2020.09.15"]
[EventType "swiss"]
[EventCountry "RUS"]
[SourceTitle "playchess.com"]
[Source "ChessBase"]
[SourceQuality "1"]

{[%evp 11,108,19,18,12,16,0,0,0,0,0,6,-4,35,38,31,37,73,36,35,26,45,48,69,60,67,58,50,0,0,0,0,0,0,0,9,0,0,-123,-124,-135,-135,-124,-131,-302,-324,-358,-341,-314,-327,-345,-363,-408,-420,-447,-452,-427,-406,-456,-535,-554,-531,-468,-443,-481,-381,-1337,-1315,-1172,-969,-1841,-1772,-1218,-752,-2148,-2247,-6060,-6086,-6102,-6093,-6095,-5524,-6091,-5165,-2102,-2035,-6095,-5601,-29976,-29977,-29974,-29975,-29979,-29980,-29980,-29981,-29981,-29982,-29980,-29980]} 1. Nf3 Nf6 2. g3 d5 3. Bg2 g6 4. c4 c6 5. d4 Bg7 6. cxd5 cxd5 7. Ne5 {D73: Fianchetto Grünfeld: 5 Nf3 .} Nfd7 {[#]} 8. Bf4 $146 ({Predecessor:} 8. Nxd7 Bxd7 {½-½ (8) Svidler,P (2765)-Nepomniachtchi,I (2729) Riadh 2017}) 8... Nc6 {[%cal Rd7e5]} 9. Bxd5 {The position is equal.} Ndxe5 10. dxe5 Nxe5 {aiming for ...e6.} 11. O-O e6 12. Bg2 Qxd1 13. Rxd1 Bd7 14. Bxb7 Rb8 15. Bg2 Rxb2 16. Nd2 Bb5 17. Rab1 Rxb1 18. Rxb1 a6 19. a4 Bxa4 20. Rb8+ Ke7 21. Rb7+ Nd7 22. Nc4 Bd4 23. Na5 {Threatens to win with Bc6.} e5 $1 {[%cal Re5f4]} 24. Bd2 (24. Nc6+ $11 {keeps the balance.} Bxc6 25. Bxc6) 24... Rc8 $1 $17 25. e3 Bc3 $36 {[%mdl 2048] White is under strong pressure.} 26. Bxc3 Rxc3 27. Bf1 $2 {This costs White the game.} (27. Rb1 $17 {keeps fighting.}) 27... Rc1 $19 {...Bb5 is the strong threat.} 28. Rb4 Bb5 29. Nc4 Bxc4 30. Rxc4 Rxc4 31. Bxc4 {[%mdl 4096] Endgame KB-KN} a5 32. Kf1 e4 33. Ke2 Ne5 34. Bd5 f5 35. h3 h5 36. Bb3 Nf3 37. h4 Ne5 38. Bd1 $2 (38. Kd2 Ng4 39. Ke1) 38... Kd6 39. Kd2 Kc5 40. Bb3 Kb4 41. Be6 a4 {[%cal Ba5a4,Ba4a3][%mdl 32]} 42. Kc2 a3 43. Bg8 Nc4 {( -> ...a2)} 44. Kb1 {[#]} Kc3 $1 {[%cal Rc3d3]} 45. Ka2 Ne5 46. Kxa3 Kd2 47. Kb4 Ke2 48. Kc5 Kxf2 49. Kd6 Ng4 {Black mates.} 50. Bf7 Kxg3 51. Bxg6 Kxh4 52. Bxf5 Nf2 53. Be6 {[#]} Kg3 $1 {[%cal Rg3f3]} 54. Bc4 h4 {Accuracy: White = 53%, Black = 94%.} 0-1

[Event "Moscow-ch Men 2020"]
[Site "Moscow"]
[Date "2020.09.21"]
[Round "9.5"]
[White "Galaktionov, Artem"]
[Black "Uskov, Artem"]
[Result "1-0"]
[WhiteElo "2319"]
[BlackElo "2164"]
[Annotator "TA"]
[PlyCount "105"]
[EventDate "2020.09.15"]
[EventType "swiss"]
[EventCountry "RUS"]
[SourceTitle "playchess.com"]
[Source "ChessBase"]
[SourceQuality "1"]

{[%evp 13,105,2,6,0,0,0,0,-5,-5,-14,-12,-77,-38,-71,-71,-63,-57,-66,-66,-117,-121,-257,0,0,0,-12,0,0,58,58,258,270,925,563,933,911,29976,7293,4533,4404,3132,3066,29989,29990,29987,1229,29991,3370,2967,3218,2939,2926,2856,2864,2864,2833,2718,2720,2610,2656,1925,2579,12797,5681,29962,29965,29981,29982,29985,29986,29989,29990,29990,29991,29991,29992,29992,29993,29994,29992,29992,29992,29993,29993,29993,29994,29994,29995,29995,29995,29995,29996,29997,29998]} 1. d4 d5 2. c4 e6 3. Nc3 c6 4. cxd5 exd5 5. Nf3 Bf5 6. Bg5 Be7 7. Bxe7 Qxe7 8. Qb3 {D31: Queen's Gambit Declined: Semi-Slav without ...Nf6 (+ Marshall Gambit and Noteboom) and Exchange Variation lines without ...Nf6.} Nf6 9. e3 O-O 10. Rc1 {[#] The position is equal.} Ne8 $146 ({Predecessor:} 10... a5 11. a3 h6 12. Na4 Re8 {½-½ (15) Stiemer,S (2080)-Thanisch,M Bad Segeberg 1995}) 11. Ne5 Nd6 12. g4 (12. Nd3 $11) 12... Be6 13. Be2 f5 14. gxf5 Nxf5 15. Rg1 Nd6 16. f4 (16. Rg3 $15) 16... Nd7 $1 $17 17. Kd2 (17. Bd3 $17 {keeps fighting.}) 17... Nf6 $2 (17... Nxe5 $1 $19 18. fxe5 Nc4+ 19. Bxc4 dxc4) 18. Bd3 $11 Rfd8 19. Rg2 c5 $1 {[%cal Rc5c4] Hoping for ...c4.} 20. Qa3 $1 {[%cal Ra3c5]} ({But not} 20. dxc5 $2 Nc4+ 21. Ke1 Nxe3 $19) 20... c4 (20... cxd4 $11 21. exd4 Rac8) 21. Bc2 $14 Qc7 $2 {White leaves nothing to chance now.} (21... Qf8 $14) 22. Rcg1 $18 {And now f5! would win.} Nde8 $2 (22... a6 23. f5 (23. Rxg7+ Qxg7 24. Rxg7+ Kxg7 $16) 23... Bxf5 24. Bxf5 (24. Rxg7+ Qxg7 25. Rxg7+ Kxg7 $14) 24... Nxf5) 23. f5 {Nb5 is the strong threat.} Bf7 24. Nb5 $1 {[%csl LRa7,LRc7][%mdl 64] Double Attack} Qc8 25. Qe7 Rd7 {[#]} 26. Rxg7+ $1 {[%mdl 576] Remove Defender, Deflection} Nxg7 27. Qxf6 {[%csl Gg1][%cal Rf6g7]} Be8 28. Nd6 Qd8 29. Nxd7 (29. Qh6 $142 Qa5+ 30. Ke2 Bh5+ 31. Qxh5 Qa4 32. Bxa4 Rc7 33. f6 {[%mdl 64] Pin} Kh8 34. Ng6+ {[%mdl 64] Discovered Attack} Kg8 35. Qxd5+ {[%mdl 64] Double Attack} Ne6 36. Qxe6+ Rf7 37. Qxf7#) 29... Qxd7 {[#]} 30. Ba4 $1 {[%mdl 512]} Qc7 (30... Qxa4 31. Qxg7#) 31. Bxe8 Rxe8 32. Rxg7+ Qxg7 33. Qxg7+ Kxg7 34. Nxe8+ {[%mdl 4096] Endgame KN-KP} Kf7 35. Nc7 Kf6 36. Nxd5+ Kxf5 37. Ke2 a6 38. Kf3 b5 39. e4+ {White mates.} Kg6 40. e5 Kf5 41. Ne3+ Kg5 42. d5 Kg6 43. d6 Kf7 44. d7 Ke7 {[#]} 45. e6 $1 a5 (45... Kxe6 46. d8=Q) 46. Nf5+ Kd8 47. Nd6 b4 48. Nb7+ Ke7 49. d8=Q+ Kxe6 50. Nc5+ Kf7 51. Qd7+ Kg6 52. Kf4 c3 53. Qf5+ {Accuracy: White = 58%, Black = 49%.} 1-0

[Event "Moscow-ch Men 2020"]
[Site "Moscow"]
[Date "2020.09.21"]
[Round "9.6"]
[White "Fedosov, Alexander"]
[Black "Rostovtsev, Dmitry"]
[Result "1/2-1/2"]
[WhiteElo "1324"]
[BlackElo "1737"]
[Annotator "NA RC"]
[PlyCount "136"]
[EventDate "2020.09.15"]
[EventType "swiss"]
[EventCountry "RUS"]
[SourceTitle "playchess.com"]
[Source "ChessBase"]
[SourceQuality "1"]
[TimeControl "5400+30"]

1. d4 {[%emt 0:04:56]} Nf6 {[%emt 0:00:00]} 2. Nf3 {[%emt 0:00:38]} g6 {[%emt 0:00:00]} 3. c4 {[%emt 0:00:13]} Bg7 {[%emt 0:00:00]} 4. g3 {[%emt 0:00:53]} O-O {[%emt 0:00:15]} 5. Bg2 {[%emt 0:00:10]} c6 {[%emt 0:01:32]} 6. O-O {[%emt 0:01:00]} d5 {[%emt 0:00:10]} 7. cxd5 {[%emt 0:00:07]} cxd5 {[%emt 0:00:05]} 8. Nc3 {[%emt 0:00:19]} Bf5 {[%emt 0:02:27]} 9. Ne5 {[%emt 0:04:02]} Nc6 {[%emt 0:00:56]} 10. Nxc6 {[%emt 0:07:11]} bxc6 {[%emt 0:00:05]} 11. Bf4 {[%emt 0:02:59]} Ne8 {[%emt 0:04:11]} 12. Rc1 {[%emt 0:04:03]} Qb6 {[%emt 0:01:50]} 13. Na4 {[%emt 0:02:24]} Qxd4 {[%emt 0:00:17]} 14. Rxc6 {[%emt 0:02:53]} Bd7 {[%emt 0:00:46]} 15. Qxd4 {[%emt 0:03:00]} Bxd4 {[%emt 0:00:03]} 16. Ra6 {[%emt 0:00:01]} e6 {[%emt 0:09:53]} 17. Rd1 {[%emt 0:01:37]} Bg7 {[%emt 0:06:05]} 18. Nb6 {[%emt 0:04:48]} Nc7 {[%emt 0:00:09]} 19. Nxd7 {[%emt 0:01:55]} Nxa6 {[%emt 0:00:03]} 20. Nxf8 {[%emt 0:00:03]} Kxf8 {[%emt 0:00:12]} 21. Bd6+ {[%emt 0:00:32]} Ke8 {[%emt 0:00:17]} 22. e4 {[%emt 0:00:17]} Rd8 {[%emt 0:01:10]} 23. e5 {[%emt 0:01:40]} Bf8 {[%emt 0:01:06]} 24. Bxf8 {[%emt 0:02:53]} Kxf8 {[%emt 0:00:04]} 25. Bf1 {[%emt 0:00:09]} Nb4 {[%emt 0:02:40]} 26. a3 {[%emt 0:00:24]} Nc6 {[%emt 0:01:16]} 27. f4 {[%emt 0:00:20]} Rb8 {[%emt 0:04:05]} 28. b4 {[%emt 0:02:51]} Ke7 {[%emt 0:04:55]} 29. Kf2 {[%emt 0:00:51]} Kd7 {[%emt 0:01:26]} 30. Ke3 {[%emt 0:03:41]} g5 {[%emt 0:01:03]} 31. Rc1 {[%emt 0:08:09]} gxf4+ {[%emt 0:00:20]} 32. gxf4 {[%emt 0:00:38]} a5 {[%emt 0:09:06]} 33. b5 {[%emt 0:00:29]} Na7 {[%emt 0:00:22]} 34. a4 {[%emt 0:00:13]} Nc8 {[%emt 0:01:10]} 35. f5 {[%emt 0:02:00]} Ne7 {[%emt 0:02:08]} 36. Bh3 {[%emt 0:00:52]} exf5 {[%emt 0:06:05]} 37. Kf4 {[%emt 0:01:23]} Rg8 {[%emt 0:04:32]} 38. Bxf5+ {[%emt 0:04:36]} Nxf5 {[%emt 0:00:06]} 39. Kxf5 {[%emt 0:00:04]} Rg2 {[%emt 0:00:17]} 40. b6 {[%emt 0:01:24]} Rf2+ {[%emt 0:03:38]} 41. Kg5 {[%emt 0:00:09]} Rb2 {[%emt 0:14:31]} 42. Rc5 {[%emt 0:03:43]} Rxb6 {[%emt 0:02:53]} 43. Rxd5+ {[%emt 0:00:29]} Ke6 {[%emt 0:00:46]} 44. Rxa5 {[%emt 0:00:06]} Rb2 {[%emt 0:01:54]} 45. h4 {[%emt 0:00:45]} Rg2+ {[%emt 0:00:55]} 46. Kf4 {[%emt 0:00:12]} Rf2+ {[%emt 0:00:11]} 47. Kg3 {[%emt 0:01:44]} Ra2 {[%emt 0:00:10]} 48. Kg4 {[%emt 0:02:14]} Rg2+ {[%emt 0:00:09]} 49. Kh5 {[%emt 0:00:30]} Rh2 {[%emt 0:00:01]} 50. Rb5 {[%emt 0:00:39]} Ra2 {[%emt 0:01:09]} 51. a5 {[%emt 0:00:08]} Ra4 {[%emt 0:02:56]} 52. Kg5 {[%emt 0:00:18]} h6+ {[%emt 0:00:25]} 53. Kh5 {[%emt 0:01:03]} Kf5 {[%emt 0:00:29]} 54. Rb7 {[%emt 0:01:21]} Kxe5 {[%emt 0:00:42]} 55. Rxf7 {[%emt 0:00:08]} Rxa5 {[%emt 0:00:20]} 56. Kxh6 {[%emt 0:00:09]} Ke6 {[%emt 0:00:14]} 57. Rf1 {[%emt 0:00:19]} Ra2 {[%emt 0:00:08]} 58. h5 {[%emt 0:00:08]} Rg2 {[%emt 0:00:08]} 59. Kh7 {[%emt 0:00:08]} Ke7 {[%emt 0:00:05]} 60. h6 {[%emt 0:00:30]} Rg3 {[%emt 0:00:08]} 61. Kh8 {[%emt 0:00:10]} Rg6 {[%emt 0:00:18]} 62. h7 {[%emt 0:00:13]} Rg2 {[%emt 0:00:03]} 63. Ra1 {[%emt 0:00:20]} Kf8 {[%emt 0:00:05]} 64. Ra8+ {[%emt 0:00:06]} Kf7 {[%emt 0:00:06]} 65. Rg8 {[%emt 0:00:06]} Rb2 {[%emt 0:00:09]} 66. Rg7+ {[%emt 0:00:08]} Kf8 {[%emt 0:00:22]} 67. Rg3 {[%emt 0:00:31]} Rf2 {[%emt 0:00:05]} 68. Rf3+ {[%emt 0:01:56]} Rxf3 {[%emt 0:00:03]} 1/2-1/2

[Event "Moscow-ch Men 2020"]
[Site "Moscow"]
[Date "2020.09.21"]
[Round "9.7"]
[White "Bukreev, Stanislav"]
[Black "Maslovskiy, Vladimir"]
[Result "0-1"]
[WhiteElo "1468"]
[BlackElo "1767"]
[Annotator "NA RC"]
[PlyCount "107"]
[EventDate "2020.09.15"]
[EventType "swiss"]
[EventCountry "RUS"]
[SourceTitle "playchess.com"]
[Source "ChessBase"]
[SourceQuality "1"]
[TimeControl "5400+30"]

1. d4 {[%emt 0:00:00]} d5 {[%emt 0:00:00]} 2. c4 {[%emt 0:00:00]} e6 {[%emt 0:00:00]} 3. Nc3 {[%emt 0:00:00]} Nf6 {[%emt 0:00:00]} 4. Bg5 {[%emt 0:00:00]} Be7 {[%emt 0:00:00]} 5. cxd5 {[%emt 0:00:00]} exd5 {[%emt 0:00:00]} 6. e3 {[%emt 0:00:06]} c6 {[%emt 0:00:00]} 7. Bd3 {[%emt 0:00:04]} Nbd7 {[%emt 0:00:06]} 8. Qc2 {[%emt 0:00:06]} O-O {[%emt 0:00:09]} 9. Nf3 {[%emt 0:00:30]} Re8 {[%emt 0:00:06]} 10. O-O {[%emt 0:00:33]} Nf8 {[%emt 0:00:07]} 11. Rab1 {[%emt 0:00:28]} g6 {[%emt 0:00:11]} 12. b4 {[%emt 0:03:14]} a6 {[%emt 0:04:33]} 13. a4 {[%emt 0:00:49]} Ne6 {[%emt 0:05:08]} 14. Bxf6 {[%emt 0:05:09]} Bxf6 {[%emt 0:00:10]} 15. b5 {[%emt 0:00:31]} axb5 {[%emt 0:30:04]} 16. axb5 {[%emt 0:00:22]} c5 {[%emt 0:00:11]} 17. Rfe1 {[%emt 0:21:37]} cxd4 {[%emt 0:11:13]} 18. exd4 {[%emt 0:00:30]} Nf4 {[%emt 0:01:14]} 19. Rxe8+ {[%emt 0:00:26]} Qxe8 {[%emt 0:00:05]} 20. Re1 {[%emt 0:00:26]} Qd8 {[%emt 0:00:09]} 21. Qd2 {[%emt 0:02:07]} Nxd3 {[%emt 0:00:53]} 22. Qxd3 {[%emt 0:00:39]} Be6 {[%emt 0:00:16]} 23. Ne2 {[%emt 0:00:55]} Qd6 {[%emt 0:01:02]} 24. Rc1 {[%emt 0:00:29]} Rc8 {[%emt 0:02:19]} 25. Rxc8+ {[%emt 0:01:05]} Bxc8 {[%emt 0:00:13]} 26. h3 {[%emt 0:00:19]} Qb4 {[%emt 0:04:01]} 27. Nf4 {[%emt 0:05:43]} Bf5 {[%emt 0:06:45]} 28. Nxd5 {[%emt 0:04:19]} Bxd3 {[%emt 0:00:13]} 29. Nxb4 {[%emt 0:00:08]} Bxb5 {[%emt 0:00:03]} 30. Nd5 {[%emt 0:01:44]} Bg7 {[%emt 0:04:19]} 31. Nb6 {[%emt 0:01:12]} Kf8 {[%emt 0:05:40]} 32. Kh2 {[%emt 0:00:43]} Ke7 {[%emt 0:01:09]} 33. Nd5+ {[%emt 0:01:14]} Kd6 {[%emt 0:01:01]} 34. Ne3 {[%emt 0:00:23]} Be2 {[%emt 0:04:28]} 35. Ng5 {[%emt 0:01:39]} Bxd4 {[%emt 0:00:59]} 36. Nxf7+ {[%emt 0:00:14]} Ke7 {[%emt 0:00:06]} 37. Ng5 {[%emt 0:00:34]} Bxe3 {[%emt 0:00:09]} 38. fxe3 {[%emt 0:00:07]} b5 {[%emt 0:07:27]} 39. Ne4 {[%emt 0:00:47]} b4 {[%emt 0:00:36]} 40. Nd2 {[%emt 0:00:09]} Bd1 {[%emt 0:01:28]} 41. Kg3 {[%emt 0:00:11]} b3 {[%emt 0:00:29]} 42. Nc4 {[%emt 0:00:05]} Be2 {[%emt 0:01:37]} 43. Nb2 {[%emt 0:00:06]} Kd6 {[%emt 0:01:26]} 44. Kf2 {[%emt 0:00:06]} Bb5 {[%emt 0:00:05]} 45. e4 {[%emt 0:04:00]} Kc5 {[%emt 0:01:15]} 46. Ke3 {[%emt 0:01:36]} Kb4 {[%emt 0:00:10]} 47. Kd4 {[%emt 0:00:10]} Bf1 {[%emt 0:02:50]} 48. h4 {[%emt 0:05:40]} Ka3 {[%emt 0:01:20]} 49. Kc3 {[%emt 0:00:24]} Bxg2 {[%emt 0:00:14]} 50. e5 {[%emt 0:00:27]} Bd5 {[%emt 0:00:23]} 51. Nd3 {[%emt 0:00:23]} h6 {[%emt 0:00:41]} 52. Nb4 {[%emt 0:01:37]} Be4 {[%emt 0:03:13]} 53. e6 {[%emt 0:01:55]} b2 {[%emt 0:00:06]} 54. Kd4 {[%emt 0:40:59]} 0-1